[Event "Abu Dhabi Masters"]
[Site "Abu Dhabi UAE"]
[Date "2022.08.24"]
[Round "8.3"]
[White "Hao Wang"]
[Black "Erigaisi Arjun"]
[Result "0-1"]
[EventDate "2022.08.17"]
[WhiteElo "2735"]
[BlackElo "2689"]
[PlyCount "110"]

1. d4 d5 2. c4 c6 3. Nf3 Nf6 4. cxd5 cxd5 5. Nc3 Nc6 6. Bf4 Bf5 7. e3 e6 8. Rc1 Rc8 9. Be2 h6 10. O-O Bd6 11. Bxd6 Qxd6 12. Qb3 Qe7 13. Ne5 O-O 14. f3 Rb8 15. Na4 Nxe5 16. dxe5 Nd7 17. Rc7 Qd8 18. Rxb7 Qa5 19. Rxb8 Rxb8 20. Qd1 Nxe5 21. a3 Qc7 22. b4 a5 23. Nc5 axb4 24. axb4 Qa7 25. Qd2 Qa3 26. Na6 Rc8 27. Nc5 Rb8 28. Na6 Ra8 29. b5 Rc8 30. e4 dxe4 31. fxe4 Bxe4 32. Qd4 f5 33. Nc7 Qe7 34. b6 Nd7 35. Bc4 Nf8 36. Rd1 Kh7 37. Qd6 Qg5 38. Qg3 Qf6 39. Qd6 Ng6 40. Bf1 Qg5 41. Qg3 Qf6 42. Qd6 Qc3 43. Qd4 Qb3 44. Rd2 e5 45. Qf2 Nf4 46. Rb2 Qd1 47. Qd2 Qg4 48. Rb3 Qg5 49. Qb2 Rd8 50. Rg3 Qe7 51. Qa3 Qf6 52. Qc5 Bb7 53. h3 e4 54. Ra3 Rd1 55. Ne8 Qg6 0-1

[Event "Abu Dhabi Masters"]
[Site "Abu Dhabi UAE"]
[Date "2022.08.23"]
[Round "7.1"]
[White "Erigaisi Arjun"]
[Black "Ray Robson"]
[Result "1/2-1/2"]
[EventDate "2022.08.17"]
[WhiteElo "2689"]
[BlackElo "2682"]
[PlyCount "74"]

1. e4 e5 2. Nf3 Nc6 3. Bc4 Nf6 4. Ng5 d5 5. exd5 Na5 6. Bb5+ c6 7. dxc6 bxc6 8. Qf3 h6 9. Ne4 cxb5 10. Nxf6+ gxf6 11. Qxa8 Qd7 12. Qf3 Bb7 13. Qe2 Bxg2 14. Rg1 Rg8 15. d3 Nc6 16. Be3 Bf3 17. Qf1 Rxg1 18. Qxg1 Nb4 19. Kd2 e4 20. d4 Nc6 21. c3 Qd5 22. Ke1 Ne5 23. Nd2 Nd3+ 24. Kf1 Qh5 25. Qg3 Bd6 26. Nxe4 Bxe4 27. Qxd6 Qf3 28. Qb8+ Ke7 29. Qxa7+ Ke6 30. Qb6+ Kf5 31. Qb8 Ne5 32. Qc8+ Kg6 33. Qg8+ Kf5 34. dxe5 Bd3+ 35. Kg1 Be4 36. Kf1 Bd3+ 37. Kg1 Be4 1/2-1/2

[Event "Abu Dhabi Masters"]
[Site "Abu Dhabi UAE"]
[Date "2022.08.22"]
[Round "6.2"]
[White "Raunak Sadhwani"]
[Black "Erigaisi Arjun"]
[Result "0-1"]
[EventDate "2022.08.17"]
[WhiteElo "2622"]
[BlackElo "2689"]
[PlyCount "82"]

1. e4 c5 2. Nf3 d6 3. d4 cxd4 4. Nxd4 Nf6 5. Nc3 a6 6. Be2 e5 7. Nb3 Be7 8. O-O O-O 9. Be3 Be6 10. Re1 Nbd7 11. a4 Rc8 12. a5 Qc7 13. Bf3 Kh8 14. Nd2 Rg8 15. h4 Qb8 16. g4 Nf8 17. g5 N6d7 18. Bg4 Bd8 19. Nd5 Bxg4 20. Qxg4 Rxc2 21. Qf5 f6 22. Nf3 Rxb2 23. Rec1 Rb5 24. gxf6 Bxf6 25. Kh2 Rb2 26. h5 Qe8 27. Nd2 Be7 28. Nc4 Rb3 29. Rg1 g6 30. Qh3 Nc5 31. Rg4 g5 32. h6 Rg6 33. Rd1 Bd8 34. Kg1 Qe6 35. Qg2 Nd3 36. f3 Nf4 37. Qc2 Rb5 38. Qd2 Nxd5 39. exd5 Qf5 40. Bb6 Bxb6+ 41. Nxb6 Rb3 0-1

[Event "Abu Dhabi Masters"]
[Site "Abu Dhabi UAE"]
[Date "2022.08.20"]
[Round "5.1"]
[White "Erigaisi Arjun"]
[Black "Van Foreest, Jorden"]
[Result "1/2-1/2"]
[EventDate "2022.08.17"]
[WhiteElo "2689"]
[BlackElo "2680"]
[PlyCount "80"]

1. d4 Nf6 2. Nf3 d5 3. c3 c5 4. dxc5 e6 5. Be3 a5 6. c4 Na6 7. cxd5 Nxc5 8. Nc3 Nxd5 9. Nxd5 Qxd5 10. Qxd5 exd5 11. g3 Na4 12. Bd4 Bb4+ 13. Kd1 O-O 14. a3 Bc5 15. b3 Bxd4 16. Nxd4 Nc3+ 17. Ke1 Bd7 18. e3 Ne4 19. Bd3 Rac8 20. Bxe4 dxe4 21. Kd2 f5 22. Rhc1 Kf7 23. b4 a4 24. b5 Ke7 25. Rab1 Kd6 26. Rb4 Rxc1 27. Kxc1 g5 28. Rxa4 f4 29. Rc4 Rf6 30. b6 fxe3 31. fxe3 Ke7 32. Rc5 h6 33. h4 gxh4 34. gxh4 Rxb6 35. Re5+ Kd6 36. Rxe4 Ra6 37. Kb2 Rb6+ 38. Ka2 Kd5 39. Re7 Ba4 40. Nf3 Rf6 1/2-1/2

[Event "Abu Dhabi Masters"]
[Site "Abu Dhabi UAE"]
[Date "2022.08.19"]
[Round "4.1"]
[White "Evgeny Tomashevsky"]
[Black "Erigaisi Arjun"]
[Result "1/2-1/2"]
[EventDate "2022.08.17"]
[WhiteElo "2702"]
[BlackElo "2689"]
[PlyCount "76"]

1. c4 c6 2. Nf3 d5 3. g3 g6 4. Bg2 Bg7 5. cxd5 cxd5 6. d4 Nf6 7. Ne5 Ne4 8. Nd2 Nxd2 9. Bxd2 O-O 10. O-O Nd7 11. Bc3 e6 12. Rc1 Nxe5 13. dxe5 Bd7 14. e4 Bc6 15. exd5 Bxd5 16. Bxd5 exd5 17. Rc2 Re8 18. Re1 Qd7 19. Rd2 Rad8 20. Kg2 h5 21. h3 Qe6 22. Rd3 Rd7 23. Qf3 b6 24. Bd4 f6 25. Rde3 fxe5 26. Bxe5 Qf7 27. Bxg7 Rxe3 28. Qxe3 Kxg7 29. Rd1 Qf6 30. Rd4 Re7 31. Qd2 Re2 32. Qxe2 Qxd4 33. Qe7+ Kg8 34. b4 a5 35. bxa5 bxa5 36. Qe8+ Kg7 37. Qe7+ Kg8 38. Qe8+ 1/2-1/2

[Event "Abu Dhabi Masters"]
[Site "Abu Dhabi UAE"]
[Date "2022.08.18"]
[Round "2.4"]
[White "Deep Sengupta"]
[Black "Erigaisi Arjun"]
[Result "0-1"]
[EventDate "2022.08.17"]
[WhiteElo "2520"]
[BlackElo "2689"]
[PlyCount "92"]

1. e4 c5 2. Nf3 e6 3. c3 d5 4. exd5 Qxd5 5. d4 Nc6 6. Na3 Qd8 7. Be3 cxd4 8. Nxd4 Bxa3 9. Nxc6 Qc7 10. bxa3 Qxc6 11. Be2 Ne7 12. O-O O-O 13. Bf3 Qc7 14. Qd4 Bd7 15. Bf4 Qc8 16. Qb4 Nc6 17. Qc5 Nd8 18. Bd6 Re8 19. Rab1 Bc6 20. Be2 b6 21. Qh5 f5 22. c4 Nf7 23. Bb4 Qb7 24. Rb3 Bxg2 25. Rd1 Be4 26. f3 Bc2 27. Rd4 Bxb3 28. axb3 a5 29. Bc3 Qe7 30. Kf2 g6 31. Qh3 e5 32. Rh4 Ng5 33. Qg3 f4 34. Qg4 Rad8 35. Kf1 h5 36. Qg1 Qf6 37. c5 Kh7 38. cxb6 Nxf3 39. Rxh5+ gxh5 40. Bxf3 Qf5 41. Qc5 Rc8 42. Qd5 Kh6 43. Bxa5 Rc1+ 44. Kf2 Qg6 45. Be1 e4 46. Bxe4 Rxe4 0-1

[Event "Abu Dhabi Masters"]
[Site "Abu Dhabi UAE"]
[Date "2022.08.17"]
[Round "1.4"]
[White "Erigaisi Arjun"]
[Black "Rohith Krishna S"]
[Result "1-0"]
[EventDate "2022.08.17"]
[WhiteElo "2689"]
[BlackElo "2358"]
[PlyCount "186"]

1. e4 e5 2. Nf3 Nc6 3. Bb5 a6 4. Ba4 Nf6 5. O-O Be7 6. Re1 b5 7. Bb3 d6 8. c3 O-O 9. h3 Na5 10. Bc2 c5 11. d4 Qc7 12. d5 Bd7 13. b3 Nb7 14. Be3 g6 15. Nbd2 Nh5 16. Nf1 a5 17. Rc1 Rfc8 18. c4 a4 19. Ng3 axb3 20. axb3 Nxg3 21. fxg3 bxc4 22. bxc4 Ra3 23. Qe2 Rca8 24. Rf1 Na5 25. Bh6 Be8 26. g4 Nb3 27. Bxb3 Rxb3 28. Qf2 Qb6 29. Nd2 Rb2 30. Rc3 Qb7 31. Rf3 Bf8 32. Be3 Rba2 33. Bg5 Ra1 34. Rb3 Qc7 35. Kh2 Rxf1 36. Qxf1 Rb8 37. Ra3 Be7 38. Bh6 Qd8 39. Nf3 Ra8 40. Rc3 Ra4 41. Rb3 Ra8 42. Qb1 Ba4 43. Rb7 Bd7 44. Bd2 Bc8 45. Rb3 Bd7 46. Qc1 Rb8 47. Rc3 Qb6 48. Ra3 f6 49. Bc3 g5 50. Nd2 Kf7 51. Qa1 Qc7 52. Nf1 Ke8 53. Ng3 Qb7 54. Qa2 Qb1 55. Qd2 Bd8 56. Ra6 Be7 57. Ra7 Rb7 58. Ra3 Rb8 59. Ra6 Rb6 60. Ra2 Rb8 61. Qe2 Qc1 62. Bd2 Qb1 63. Be3 Rb3 64. Bf2 Kf7 65. Nh5 Rb4 66. Bg1 Qb3 67. Rc2 Ba4 68. Rc1 Qb2 69. Qf1 Bd7 70. Be3 Kg6 71. Qf3 Rb8 72. Rf1 Rf8 73. Ng3 h6 74. h4 Qc3 75. Nf5 Kf7 76. Nxh6+ Ke8 77. Rc1 Qb3 78. h5 Rh8 79. Nf5 Bxf5 80. exf5 Kf7 81. Qe4 Rb8 82. Bxg5 fxg5 83. f6 Bxf6 84. Qh7+ Ke8 85. Qg8+ Kd7 86. Qe6+ Kc7 87. Qf7+ Kc8 88. Qxf6 Qe3 89. Qe6+ Kc7 90. Qe7+ Kb6 91. Rb1+ Ka6 92. Qxd6+ Ka5 93. Qxb8 1-0

[Event "44th Olympiad"]
[Site "Chennai IND"]
[Date "2022.08.09"]
[Round "11.4"]
[White "Arjun Erigaisi"]
[Black "Dominguez Perez, Leinier"]
[Result "1-0"]
[EventDate "2022.07.29"]
[WhiteElo "2689"]
[BlackElo "2754"]
[PlyCount "98"]

1. d4 Nf6 2. c4 e6 3. Nc3 Bb4 4. f3 d5 5. a3 Be7 6. e4 dxe4 7. fxe4 c5 8. d5 exd5 9. exd5 O-O 10. Be2 a6 11. Nf3 Bd6 12. O-O h6 13. h3 Re8 14. Bd3 Nbd7 15. a4 Nf8 16. b3 Bc7 17. Re1 Rxe1+ 18. Qxe1 Qd6 19. Ne2 Qe7 20. Bf4 Bxf4 21. Nxf4 Qxe1+ 22. Rxe1 Bd7 23. a5 Re8 24. Rd1 Bc8 25. Ne2 N8d7 26. Nc3 Kf8 27. Kf2 Ke7 28. Re1+ Kd8 29. Na4 Rxe1 30. Nxe1 g6 31. Ke3 Ke7 32. Bc2 Kd6 33. Nd3 Ng8 34. b4 cxb4 35. Kd4 Ngf6 36. Nxb4 Nh5 37. c5+ Kc7 38. Bb3 f6 39. d6+ Kd8 40. c6 bxc6 41. Nxc6+ Ke8 42. Nb6 Nxb6 43. axb6 Kd7 44. Ne7 Bb7 45. Kc5 Nf4 46. Ba4+ Kd8 47. Bc6 Ne6+ 48. Kd5 Nf4+ 49. Kc4 1-0

[Event "44th Olympiad"]
[Site "Chennai IND"]
[Date "2022.08.08"]
[Round "10.4"]
[White "Pouya Idani"]
[Black "Arjun Erigaisi"]
[Result "1/2-1/2"]
[EventDate "2022.07.29"]
[WhiteElo "2641"]
[BlackElo "2689"]
[PlyCount "60"]

1. e4 e5 2. Nf3 Nc6 3. Bb5 Nf6 4. O-O Nxe4 5. Re1 Nd6 6. Nxe5 Be7 7. Bf1 Nxe5 8. Rxe5 O-O 9. d4 Bf6 10. Re1 Nf5 11. c3 d5 12. Bf4 Bg5 13. Bxg5 Qxg5 14. Nd2 c6 15. Nf3 Qd8 16. Bd3 Nd6 17. Qc2 g6 18. h3 Bf5 19. Bxf5 Nxf5 20. Re2 Re8 21. Rae1 Rxe2 22. Qxe2 Nd6 23. Qe7 Qxe7 24. Rxe7 Kf8 25. Rd7 Ke8 26. Ne5 Rd8 27. Rc7 Rc8 28. Rd7 Rd8 29. Rc7 Rc8 30. Rd7 Rd8 1/2-1/2

[Event "44th Olympiad"]
[Site "Chennai IND"]
[Date "2022.08.07"]
[Round "9.5"]
[White "Arjun Erigaisi"]
[Black "Krikor Sevag Mekhitarian"]
[Result "1-0"]
[EventDate "2022.07.29"]
[WhiteElo "2689"]
[BlackElo "2542"]
[PlyCount "126"]

1. c4 c5 2. Nf3 Nc6 3. d4 cxd4 4. Nxd4 Nf6 5. Nc3 e6 6. g3 Qb6 7. Ndb5 Ne5 8. Bf4 Nfg4 9. e3 a6 10. Qa4 g5 11. Bxe5 Nxe5 12. O-O-O Rb8 13. Nd4 Be7 14. Be2 Qb4 15. Qc2 Nxc4 16. a3 Nxa3 17. bxa3 Qxa3+ 18. Kd2 d5 19. Rb1 Bd7 20. Rb3 Qd6 21. Rhb1 b5 22. Bxb5 axb5 23. Ncxb5 Bxb5 24. Nxb5 Rxb5 25. Rxb5 O-O 26. Ke2 Bf6 27. f4 h6 28. Rb6 Qd8 29. Rc6 Bg7 30. Rd1 Qa8 31. Kf3 Qa3 32. Rd3 Qa1 33. Kg2 Ra8 34. Rd2 Qa3 35. Re2 Rd8 36. f5 exf5 37. Qxf5 Qe7 38. Kf3 Qb7 39. Rec2 d4 40. exd4 Rxd4 41. Qc8+ Qxc8 42. Rxc8+ Kh7 43. R2c7 Kg6 44. Rc6+ Bf6 45. Rg8+ Kh7 46. Ra8 Be5 47. Ra7 Kg7 48. Rc5 Bb8 49. Rb7 Rd8 50. Rf5 Rf8 51. Rd5 Rc8 52. Rdd7 Rf8 53. Rb6 h5 54. Rb5 g4+ 55. Kg2 Rc8 56. Rxh5 Rc2+ 57. Kf1 Kg6 58. Rb5 Bc7 59. Rb4 f5 60. Ra4 Kg5 61. Ra6 Be5 62. Re7 Bd4 63. Ree6 1-0

[Event "44th Olympiad"]
[Site "Chennai IND"]
[Date "2022.08.06"]
[Round "8.1"]
[White "Ter-Sahakyan, Samvel"]
[Black "Arjun Erigaisi"]
[Result "1/2-1/2"]
[EventDate "2022.07.29"]
[WhiteElo "2625"]
[BlackElo "2689"]
[PlyCount "168"]

1. e4 c5 2. Nf3 e6 3. d4 cxd4 4. Nxd4 Nf6 5. Nc3 Nc6 6. Qd3 d5 7. exd5 Nb4 8. Qg3 Bc5 9. a3 Nbxd5 10. Nxd5 Qxd5 11. Nb5 O-O 12. Nc3 Qf5 13. Bd3 Qh5 14. h3 Bd7 15. Bg5 Be7 16. Be2 Qg6 17. Bd3 Qh5 18. O-O Bc6 19. Be2 Qg6 20. Bd3 Qh5 21. Rae1 Nd5 22. Nxd5 Qxg5 23. Re5 Qh4 24. Nxe7+ Qxe7 25. Rfe1 Rad8 26. Qf4 Rd6 27. R1e3 Rfd8 28. Rh5 g6 29. Qh4 Qxh4 30. Rxh4 Kg7 31. Rc4 h6 32. f3 f5 33. Kf2 Kf6 34. Rc3 e5 35. Rc5 Re6 36. Bb5 Bxb5 37. Rxb5 b6 38. a4 a6 39. Rb4 Rc8 40. Re2 Rd6 41. Ke3 Rc5 42. Rd2 Rdc6 43. c3 Ke7 44. Rd1 Re6 45. g4 a5 46. gxf5 gxf5 47. Rh4 Rg6 48. Kf2 Ke6 49. Rd8 Rd5 50. Rh8 Rd2+ 51. Ke3 Rxb2 52. R4xh6 f4+ 53. Kd3 Rxh6 54. Rxh6+ Kf5 55. Rh5+ Kf6 56. Rh6+ Kf5 57. Rh5+ Ke6 58. Rh6+ Kd5 59. c4+ Kc5 60. Re6 Rb3+ 61. Ke4 Re3+ 62. Kf5 Kxc4 63. Rxb6 Rxf3 64. Kxe5 Rxh3 65. Kxf4 Ra3 66. Rb8 Kc3 67. Ke3 Rxa4 68. Rc8+ Kb2 69. Ra8 Ra3+ 70. Kd2 a4 71. Ra7 Kb1 72. Ra8 Ra2+ 73. Kd1 a3 74. Ra7 Ra1 75. Rb7+ Ka2+ 76. Kc2 Rh1 77. Rc7 Rh2+ 78. Kc1 Ka1 79. Rc3 a2 80. Rc8 Rh1+ 81. Kc2 Rh2+ 82. Kc1 Rg2 83. Rc7 Rb2 84. Rc8 1/2-1/2

[Event "44th Olympiad"]
[Site "Chennai IND"]
[Date "2022.08.05"]
[Round "7.1"]
[White "Arjun Erigaisi"]
[Black "Abhijeet Gupta"]
[Result "1-0"]
[EventDate "2022.07.29"]
[WhiteElo "2689"]
[BlackElo "2627"]
[PlyCount "92"]

1. d4 d5 2. Bf4 Nf6 3. e3 c5 4. Nf3 Nc6 5. Nbd2 Nh5 6. Be5 e6 7. Bb5 f6 8. Bg3 Nxg3 9. hxg3 cxd4 10. exd4 Bd6 11. c4 O-O 12. O-O Kh8 13. cxd5 exd5 14. Bxc6 bxc6 15. Qc2 Bd7 16. Nb3 Rb8 17. Nc5 Bxc5 18. dxc5 f5 19. Ne5 f4 20. g4 Kg8 21. Rfe1 Qc7 22. f3 a5 23. Qd2 Bc8 24. g5 Bf5 25. b3 Rbe8 26. Qd4 Re6 27. Nd3 Rxe1+ 28. Rxe1 Bxd3 29. Qxd3 Qd8 30. Re5 Re8 31. Qd4 Rxe5 32. Qxe5 d4 33. Kf1 d3 34. Ke1 a4 35. b4 g6 36. Kd2 Qd7 37. Qxf4 Qd5 38. Qb8+ Kf7 39. Qa7+ Kf8 40. Qxa4 Qxg5+ 41. Kxd3 Qf5+ 42. Kd2 Qg5+ 43. Kd1 Qe3 44. Qa8+ Kg7 45. Qb7+ Kh6 46. Qd7 1-0

[Event "44th Olympiad"]
[Site "Chennai IND"]
[Date "2022.08.03"]
[Round "6.2"]
[White "Javokhir Sindarov"]
[Black "Arjun Erigaisi"]
[Result "1/2-1/2"]
[EventDate "2022.07.29"]
[WhiteElo "2629"]
[BlackElo "2689"]
[PlyCount "98"]

1. e4 c6 2. d4 d5 3. Nc3 dxe4 4. Nxe4 Nf6 5. Nxf6+ exf6 6. Bc4 Bd6 7. Qe2+ Qe7 8. Qxe7+ Kxe7 9. Bd3 Na6 10. a3 b5 11. Ne2 Nc7 12. Bf4 Bxf4 13. Nxf4 Ne6 14. Ne2 Rd8 15. c3 c5 16. Be4 Rb8 17. dxc5 Nxc5 18. Bc2 Ne6 19. Rd1 Bd7 20. f3 a5 21. b4 axb4 22. axb4 Ra8 23. Kf2 g6 24. Be4 Rac8 25. Ra1 Bc6 26. Bxc6 Rxc6 27. Ra7+ Kf8 28. Rha1 Nc7 29. Rb7 Rd2 30. Ke1 Rd7 31. Rd1 Re7 32. Kf2 Kg7 33. Rd8 Ne6 34. Rxe7 Nxd8 35. Nd4 Rxc3 36. Rd7 Rc8 37. Nxb5 Rc2+ 38. Kg3 Nc6 39. Nd6 Nxb4 40. Ne8+ Kf8 41. Nxf6 h5 42. Nh7+ Ke8 43. Nf6+ Kf8 44. Ne4 Nc6 45. Ng5 Ne7 46. Nh7+ Ke8 47. Nf6+ Kf8 48. Nh7+ Ke8 49. Nf6+ 1/2-1/2

[Event "44th Olympiad"]
[Site "Chennai IND"]
[Date "2022.08.01"]
[Round "4.1"]
[White "Matthieu Cornette"]
[Black "Arjun Erigaisi"]
[Result "1/2-1/2"]
[EventDate "2022.07.29"]
[WhiteElo "2551"]
[BlackElo "2689"]
[PlyCount "48"]

1. e4 c5 2. Nf3 d6 3. Bb5+ Nd7 4. d4 cxd4 5. Nxd4 Nf6 6. O-O e5 7. Nf5 a6 8. Bd3 Nc5 9. Nc3 d5 10. Bg5 dxe4 11. Bxe4 Ncxe4 12. Nxg7+ Bxg7 13. Qxd8+ Kxd8 14. Nxe4 Ke7 15. f4 Ke6 16. f5+ Ke7 17. Rad1 a5 18. Rd5 Ra6 19. Re1 h6 20. Bh4 Kf8 21. Rd8+ Ke7 22. Rd5 Kf8 23. Rd8+ Ke7 24. Rd5 Kf8 1/2-1/2

[Event "5th Sharjah Masters 2022"]
[Site "Sharjah UAE"]
[Date "2022.05.29"]
[Round "9.6"]
[White "Aleksandar Indjic"]
[Black "Erigaisi Arjun"]
[Result "0-1"]
[EventDate "?"]
[WhiteElo "2621"]
[BlackElo "2675"]
[PlyCount "60"]

1. d4 d5 2. Nf3 Nf6 3. Bf4 Bf5 4. e3 e6 5. c4 Bxb1 6. Qxb1 Bb4+ 7. Kd1 Bd6 8. Bg5 h6 9. Bxf6 Qxf6 10. c5 Be7 11. Qc2 O-O 12. Ne5 b6 13. cxb6 axb6 14. Qxc7 Qxf2 15. Nd3 Qh4 16. Be2 Bg5 17. Ne5 Bxe3 18. Nf3 Qg4 19. Qc3 Qxg2 20. Re1 Bf2 21. Rf1 Nd7 22. Qc7 Nf6 23. Qf4 Ng4 24. Rxf2 Nxf2+ 25. Kd2 Ne4+ 26. Kd3 Ng5 27. Ne5 Qh3+ 28. Kd2 Ne4+ 29. Ke1 g5 30. Nd7 0-1

[Event "5th Sharjah Masters 2022"]
[Site "Sharjah UAE"]
[Date "2022.05.28"]
[Round "8.4"]
[White "Erigaisi Arjun"]
[Black "Haik M Martirosyan"]
[Result "1/2-1/2"]
[EventDate "?"]
[WhiteElo "2675"]
[BlackElo "2652"]
[PlyCount "64"]

1. d4 Nf6 2. Nc3 d5 3. Bf4 e6 4. Nb5 Na6 5. e3 Be7 6. h4 O-O 7. Nf3 c6 8. Nc3 Bd7 9. h5 c5 10. h6 g6 11. dxc5 Bxc5 12. Bg5 Nb4 13. a3 Nc6 14. b4 Be7 15. b5 Nb8 16. Rb1 a6 17. a4 axb5 18. axb5 Qa5 19. Qd4 Rc8 20. Bxf6 Bxf6 21. Qxf6 Qxc3+ 22. Qxc3 Rxc3 23. Bd3 Bc8 24. Kd2 Rca3 25. Ne5 Nd7 26. Nxd7 Bxd7 27. e4 b6 28. exd5 exd5 29. Rhe1 Kf8 30. f4 R8a4 31. g3 Be6 32. Re3 Ke7 1/2-1/2

[Event "5th Sharjah Masters 2022"]
[Site "Sharjah UAE"]
[Date "2022.05.27"]
[Round "7.5"]
[White "Pavel Ponkratov"]
[Black "Erigaisi Arjun"]
[Result "1/2-1/2"]
[EventDate "?"]
[WhiteElo "2624"]
[BlackElo "2675"]
[PlyCount "34"]

1. e4 e5 2. Nf3 Nc6 3. Bc4 Nf6 4. d3 Bc5 5. Nc3 h6 6. h3 a6 7. a4 d6 8. Ne2 O-O 9. Ng3 Re8 10. O-O d5 11. exd5 Nxd5 12. c3 Be6 13. Re1 Ba7 14. a5 Nf6 15. Qa4 Bxc4 16. Qxc4 Qd7 17. Ne4 1/2-1/2

[Event "5th Sharjah Masters 2022"]
[Site "Sharjah UAE"]
[Date "2022.05.26"]
[Round "6.9"]
[White "Erigaisi Arjun"]
[Black "Aryan Chopra"]
[Result "1-0"]
[EventDate "?"]
[WhiteElo "2675"]
[BlackElo "2609"]
[PlyCount "134"]

1. d4 Nf6 2. c4 e6 3. Nc3 Bb4 4. e3 O-O 5. Bd3 d5 6. a3 Bxc3+ 7. bxc3 dxc4 8. Bxc4 c5 9. Nf3 Qc7 10. Be2 b6 11. Bb2 cxd4 12. cxd4 Ba6 13. O-O Bxe2 14. Qxe2 Nbd7 15. e4 Rac8 16. Rfc1 Qb7 17. Re1 h6 18. Rab1 Rc7 19. Nd2 Rfc8 20. Nf1 Qc6 21. Ng3 Qc4 22. Qf3 Qa2 23. h3 Rc2 24. Ba1 Re8 25. Rf1 Qc4 26. Rbe1 Qc7 27. Qd1 Ra2 28. Qb3 Qc2 29. Qf3 Qa4 30. Re3 b5 31. d5 b4 32. dxe6 Rxe6 33. Nf5 Rxa3 34. Qg3 Ne8 35. Bd4 Qa6 36. Rc1 Rxe3 37. Qxe3 Qb7 38. f3 a5 39. Qb3 Kh7 40. Qa4 Ra6 41. Ne3 Nef6 42. Rd1 Qc6 43. Qb3 Qe6 44. Qd3 Kg8 45. e5 Ne8 46. f4 Ra8 47. f5 Qc6 48. f6 Qe6 49. Qe4 Rd8 50. fxg7 b3 51. Qf4 Nxg7 52. Ng4 Kh7 53. Bb2 Nh5 54. Qf3 Nxe5 55. Nxe5 Rxd1+ 56. Qxd1 Nf4 57. Qb1+ Kg8 58. Qe4 Nd5 59. Qc4 Nb4 60. Qc7 Qf5 61. Bc3 Qf4 62. Qc8+ Kh7 63. Ng4 Nd5 64. Be5 Qg5 65. Qh8+ Kg6 66. Qg7+ Kf5 67. Qxf7+ 1-0

[Event "5th Sharjah Masters 2022"]
[Site "Sharjah UAE"]
[Date "2022.05.25"]
[Round "5.8"]
[White "Raunak Sadhwani"]
[Black "Erigaisi Arjun"]
[Result "1/2-1/2"]
[EventDate "?"]
[WhiteElo "2619"]
[BlackElo "2675"]
[PlyCount "74"]

1. e4 c5 2. Nf3 e6 3. d4 cxd4 4. Nxd4 Nc6 5. Nc3 Qc7 6. g4 a6 7. Be3 b5 8. Nxc6 Qxc6 9. Qd2 h5 10. g5 Ne7 11. Rg1 Ng6 12. f4 Nh4 13. Qf2 b4 14. Nd5 exd5 15. exd5 Qxd5 16. Qxh4 Bc5 17. Bxc5 Qxc5 18. Qf2 d6 19. Qxc5 dxc5 20. O-O-O Be6 21. Bd3 O-O 22. f5 Bd5 23. Rge1 Rfe8 24. Rxe8+ Rxe8 25. Bxa6 Re5 26. Bc8 Bf3 27. Rf1 Bc6 28. Ba6 Kf8 29. Bd3 f6 30. gxf6 gxf6 31. Kd2 Rd5 32. Rf4 Bb5 33. Ke3 Bxd3 34. cxd3 Ke7 35. a3 bxa3 36. bxa3 Kd6 37. a4 Ke5 1/2-1/2

[Event "5th Sharjah Masters 2022"]
[Site "Sharjah UAE"]
[Date "2022.05.24"]
[Round "4.7"]
[White "Erigaisi Arjun"]
[Black "Surya Shekhar Ganguly"]
[Result "1/2-1/2"]
[EventDate "?"]
[WhiteElo "2675"]
[BlackElo "2616"]
[PlyCount "112"]

1. d4 Nf6 2. Nc3 d5 3. Bf4 c5 4. e3 cxd4 5. exd4 a6 6. Nf3 Nc6 7. Ne5 Bd7 8. g4 h6 9. Nxc6 Bxc6 10. Qf3 e6 11. O-O-O Bb4 12. a3 Bxc3 13. Qxc3 Ne4 14. Qe1 Qh4 15. f3 Qf6 16. Qe3 Nf2 17. Qxf2 Qxf4+ 18. Kb1 h5 19. Qg3 g5 20. Qxf4 gxf4 21. g5 Rg8 22. h4 Bb5 23. Bxb5+ axb5 24. Rd3 Kd7 25. Rb3 Kc6 26. Re1 Ra4 27. c3 Rc4 28. Kc2 Ra4 29. Ra1 Rga8 30. Kd3 R4a5 31. Rb4 Kc7 32. Kc2 Kc6 33. Re1 Re8 34. Kb3 Kd6 35. Ra1 Kc6 36. a4 bxa4+ 37. Rbxa4 Rxa4 38. Rxa4 Kd6 39. Ra7 Kc6 40. Kb4 e5 41. dxe5 Rxe5 42. Ra8 Re2 43. b3 Re3 44. Rf8 Rxf3 45. Rxf7 Kd6 46. Rh7 Rg3 47. Rxh5 f3 48. Rh6+ Ke5 49. Rf6 d4 50. cxd4+ Kxd4 51. g6 Ke3 52. Re6+ Kd2 53. Rd6+ Ke2 54. Re6+ Kd2 55. Rd6+ Ke2 56. Re6+ 1/2-1/2

[Event "5th Sharjah Masters 2022"]
[Site "Sharjah UAE"]
[Date "2022.05.23"]
[Round "3.16"]
[White "Denis Kadric"]
[Black "Erigaisi Arjun"]
[Result "0-1"]
[EventDate "?"]
[WhiteElo "2576"]
[BlackElo "2675"]
[PlyCount "70"]

1. e4 c5 2. Nc3 Nc6 3. Nge2 g6 4. d4 cxd4 5. Nxd4 Bg7 6. Be3 Nf6 7. Bc4 O-O 8. Bb3 d6 9. f3 Bd7 10. h4 h5 11. Qd2 Rc8 12. Nxc6 bxc6 13. Bh6 c5 14. Bc4 Qb6 15. Bxg7 Kxg7 16. b3 Be6 17. Nd5 Bxd5 18. exd5 e5 19. a4 Qb4 20. a5 e4 21. c3 Qb7 22. O-O exf3 23. Qf4 Ng4 24. Rxf3 Qe7 25. Qg3 Qd7 26. Rff1 Rce8 27. Rae1 Rxe1 28. Rxe1 Re8 29. Re2 Re5 30. Rxe5 Nxe5 31. Be2 Qf5 32. c4 Kh7 33. Bf1 Qc2 34. Qe3 a6 35. Be2 Qa2 0-1

[Event "5th Sharjah Masters 2022"]
[Site "Sharjah UAE"]
[Date "2022.05.22"]
[Round "2.14"]
[White "Erigaisi Arjun"]
[Black "Van Foreest, Lucas"]
[Result "1/2-1/2"]
[EventDate "?"]
[WhiteElo "2675"]
[BlackElo "2572"]
[PlyCount "120"]

1. e4 e5 2. Nf3 Nc6 3. d4 exd4 4. Nxd4 Nf6 5. Nxc6 bxc6 6. e5 Qe7 7. Qe2 Nd5 8. h4 f6 9. c4 Ba6 10. Rh3 O-O-O 11. Ra3 Nb4 12. Ra4 Qxe5 13. Qxe5 fxe5 14. Bg5 Nc2+ 15. Kd1 Nxa1 16. Bxd8 Kxd8 17. Rxa6 Bc5 18. f3 Rf8 19. Ra5 Bd4 20. Nd2 Bxb2 21. Rxa7 Ke7 22. Rxc7 Bd4 23. Bd3 g6 24. Rb7 Ra8 25. Bb1 Ra4 26. Rb8 h5 27. Bxg6 d5 28. cxd5 cxd5 29. Rb5 Kf6 30. Bh7 Rxa2 31. Rxd5 Rb2 32. g4 Ke6 33. Bg8+ Ke7 34. Nc4 Rh2 35. g5 Nc2 36. Bh7 Nb4 37. Rb5 Rh1+ 38. Ke2 Rh2+ 39. Kf1 Rf2+ 40. Ke1 Ra2 41. Nxe5 Ra1+ 42. Ke2 Ra2+ 43. Kf1 Rf2+ 44. Ke1 Rb2 45. Kd1 Bc3 46. Nc4 Rh2 47. Rb7+ Kf8 48. g6 Rh1+ 49. Ke2 Re1+ 50. Kf2 Re7 51. Rxe7 Kxe7 52. f4 Kf8 53. Nd6 Nd5 54. Kf3 Bf6 55. Nf5 Bb2 56. g7+ Bxg7 57. Bg6 Bc3 58. Ng3 Be1 59. Bxh5 Bxg3 60. Kxg3 Nxf4 1/2-1/2

[Event "5th Sharjah Masters 2022"]
[Site "Sharjah UAE"]
[Date "2022.05.21"]
[Round "1.4"]
[White "Mikheil Mchedlishvili"]
[Black "Erigaisi Arjun"]
[Result "1/2-1/2"]
[EventDate "?"]
[WhiteElo "2595"]
[BlackElo "2675"]
[PlyCount "140"]

1. d4 Nf6 2. Bf4 d5 3. Nf3 c5 4. e3 Nc6 5. Nbd2 Bg4 6. c3 e6 7. Qb3 Qc8 8. Nh4 Bh5 9. h3 h6 10. g4 g5 11. Bh2 Bxg4 12. hxg4 gxh4 13. Be2 Rg8 14. Bf4 cxd4 15. cxd4 Nxg4 16. Rxh4 f5 17. Bxg4 fxg4 18. Bxh6 Bd6 19. Ke2 g3 20. Rg1 Qc7 21. fxg3 O-O-O 22. Bf4 e5 23. dxe5 Bxe5 24. Nf3 Bxf4 25. Rxf4 Kb8 26. Kf2 Qh7 27. Qc3 Rc8 28. Rh4 Qg6 29. Rf4 Ka8 30. g4 Ne7 31. Qf6 Qc2+ 32. Kg3 Ng6 33. Rf5 Qc7+ 34. Kg2 a6 35. Rf1 Qc2+ 36. Kg3 Rce8 37. Rxd5 Qc7+ 38. Qd6 Qh7 39. Rh5 Qf7 40. Rf5 Qc4 41. Kf2 Qxg4 42. Rg5 Qe4 43. Qd4 Qc6 44. Qd5 Qf6 45. Qd4 Qf7 46. Qd5 Qe7 47. Qc5 Qf6 48. Qd4 Qf7 49. Qd5 Qg7 50. Qd4 Qh7 51. Rfg1 Re6 52. Rd5 Qc7 53. Rd1 Ree8 54. Rd7 Qc6 55. Qd5 Qb6 56. Qd4 Qe6 57. Rd6 Qxa2 58. Qb6 Qc4 59. Rd8+ Rxd8 60. Rxd8+ Rxd8 61. Qxd8+ Ka7 62. Qf6 Qc2+ 63. Kg3 Qe4 64. Qc3 Ne7 65. Qc5+ Ka8 66. Kf2 Nd5 67. Qc8+ Ka7 68. Qc5+ Ka8 69. Qc8+ Ka7 70. Qc5+ 1/2-1/2

[Event "27th Sigeman & Co"]
[Site "Malmo SWE"]
[Date "2022.05.09"]
[Round "7"]
[White "D Navara"]
[Black "Arjun Erigaisi"]
[Result "1/2-1/2"]
[EventDate "2022.05.03"]
[WhiteElo "2693"]
[BlackElo "2675"]
[PlyCount "118"]

1. d4 Nf6 2. c4 e6 3. Nf3 d5 4. Nc3 c5 5. e3 dxc4 6. Bxc4 a6 7. O-O b5 8. Be2 Bb7 9. dxc5 Bxc5 10. Qxd8+ Kxd8 11. Nd2 Ke7 12. Nb3 Nbd7 13. Na5 Rab8 14. Nxb7 Rxb7 15. Bd2 Bd6 16. Rfd1 Rc7 17. Be1 Rb8 18. f3 b4 19. Na4 Nd5 20. Bf2 N5b6 21. Nxb6 Rxb6 22. Rd2 a5 23. Rad1 Bc5 24. Rc1 Bd6 25. Rxc7 Bxc7 26. Rc2 Bd6 27. b3 Rb7 28. Kf1 Rc7 29. Rxc7 Bxc7 30. Bb5 Bb6 31. Ke2 Bc5 32. Bg3 Bd6 33. Bxd6+ Kxd6 34. Bxd7 Kxd7 35. Kd3 Kc7 36. g4 Kc6 37. Kd4 Kd6 38. Kc4 Kc6 39. Kd4 Kd6 40. Kc4 Kc6 41. g5 Kb6 42. Kd4 Kc6 43. Kc4 Kb6 44. h4 Kc6 45. h5 h6 46. f4 f6 47. g6 f5 48. Kd4 Kd6 49. e4 fxe4 50. Kxe4 Ke7 51. Kd4 Kd6 52. Kd3 Kd7 53. Ke4 Ke7 54. Ke3 Kf6 55. Ke2 Ke7 56. Ke3 Kf6 57. Kf2 Kf5 58. Kf3 Kf6 59. Ke4 1/2-1/2